Music Quiz

Random Music or Song Quiz
Score 0/20 Timer 05:00
0 Plays Today
Opening Lyric Song Title % Correct
My ***** tastes like Pepsi [song title]. My eyes are wide like cherry pies.Cola
97.6%
I've seen the world, done it all, had my cake now. Young and Beautiful
86.8%
Kiss me hard before you go, [song title]. I just wanted you to knowSummertime Sadness
84.7%
Swinging in the backyard, pull up in your fast car, whistling my nameVideo Games
84.1%
[Song Title], white shirt, walked into the room you know you made my eyes burnBlue Jeans
83.1%
I've been out on that open road. You can be my full time daddy, white and gold.Ride
81.5%
Darling, darling, doesn't have a problem. Lying to herself, 'cause her liquor's top shelf./Carmen
80.7%
Not even they can stop me now. Boy, I'll be flying overhead.Radio
79.9%
Feet don't fail me now, take me to the finish lineBorn To Die
79.4%
In the land of [song title], I was an angel, living in the garden of Evil.Gods and Monsters
78.9%
Opening Lyric Song Title % Correct
Everything I want, I have. Money, notoriety and rivierasWithout You
78.5%
My old man is a bad man, but I can't deny the way he holds my hand.Off To The Races
76.2%
All my friends tell me I should move on. I'm lying in the ocean singing your songDark Paradise
75.8%
Remember how we used to party up all night. Sneaking out and looking for a taste of real life.This Is What Makes Us Girls
73.2%
You're no good for me. Baby, you're no good for me. You're no good for me.Diet Mountain Dew
73.1%
Play house, put my favourite record on. Get down, get your Crystal Method on.American
68.3%
Gargoyles standing at the front of your gate.Trying to tell me to wait.Bel Air
62.3%
You said I was the most exotic flower. Holding me tight in our final hour.Million Dollar Man
60.2%
And I remember when I met him. It was so clear that he was the only one for me.National Anthem
57.5%
I remember you well in the [song title], you were talking so brave and so sweetChelsea Hotel No. 2
39.9%
Remove Ads.
Support Sporcle.
Get the best of Sporcle when you Go Orange. This ad-free experience offers more features, more stats, and more fun while also helping to support Sporcle. Thank you for becoming a member.

You're not logged in!

Compare scores with friends on all Sporcle quizzes.
OR
Log In

Show Comments

Extras

Created Sep 30, 2013ReportNominate
Tags:Song Quiz, del, Rey

Top Quizzes Today


Score Distribution

Your Account Isn't Verified!

In order to create a playlist on Sporcle, you need to verify the email address you used during registration. Go to your Sporcle Settings to finish the process.

Report this User

Report this user for behavior that violates our Community Guidelines.

Details: